| 000 | 01255nam a2200253Ia 4500 | ||
|---|---|---|---|
| 003 | CO-CtgCURN | ||
| 005 | 20260307160048.0 | ||
| 008 | 260224s9999 xx 000 0 und d | ||
| 040 |
_aCO-CtgCURN _bspa _ccoctgcurn |
||
| 082 |
_a306446 _bC341 |
||
| 110 | _aEstado Plurinacional de Bolivia | ||
| 245 | 0 |
_aCasos emblemáticos y lecciones aprendidas en la atención a pueblos indígenas en situación de vulnerabilidad / _cEstado Plurinacional de Bolivia |
|
| 250 | _a2 edición | ||
| 260 |
_aLa Paz, Bolivia : _bMinisterio de Justicia y Transparencia Institucional, _c2023 |
||
| 300 |
_a70 páginas : _bfotografias, tablas, graficas ; _c28 centímetros |
||
| 500 | _aIncluye introducción, glosario e índice | ||
| 504 | _aIncluye referencias bibliográficas (p. 69-70) | ||
| 505 | _aFamilias guaraníes cautivas en la hacienda "La tunita" -- Tsimanes sector Yacuma: peones en sus propias tierras -- El pueblo navegante ese ejja, sin tierra ni territorio -- Los Toromonas;: un pueblo latente -- El cierre de un primer ciclo. | ||
| 521 | _aAREA BASICA | ||
| 590 | _aPrograma de Trabajo Social_26 | ||
| 650 | _aIndígenas | ||
| 942 |
_cBK _h306446 _iC341 _2ddc |
||
| 999 |
_c50314 _d50314 |
||